Score 0/30 Timer 04:00
1 Play Today
% Correct
Teeth
93.6%
Triangles
92.2%
Celestial Objects
91.8%
Mythological Creatures
91.8%
Poetry
91.7%
Salad Dressings
91.5%
Golf Scores
91.5%
Flatware
91%
TV Aliens
90.1%
Board Games
89.8%
X-Men
89.6%
Comic Cats
89.1%
Axis Powers
88.6%
Cricket Terms
87.3%
Shakespeare Plays
86.5%
% Correct
Fasteners
85.9%
Romance Languages
84.5%
Italian Cities
82.6%
Boy Scouts of America Ranks
81.6%
Simple Machines
81.4%
Rodents
81.3%
Baby Animals
80.5%
US Civil War Battles
77.3%
French Months
73.9%
Tribes of Israel
73.6%
Cold Cuts
73.1%
SI Base Units
69.5%
Fishing Lures
65.2%
Asian Rivers
56.7%
Sails
56.4%
Remove Ads.
Support Sporcle.
Get the best of Sporcle when you Go Orange. This ad-free experience offers more features, more stats, and more fun while also helping to support Sporcle. Thank you for becoming a member.

You're not logged in!

Compare scores with friends on all Sporcle quizzes.
OR
Log In

Sporcle TV

Today on Sporcle TV


Watch our educational content, quiz creation guides, and fun videos on Sporcle TV.

Show Comments

Extras

Top Quizzes Today


Score Distribution

Paid Content

Your Account Isn't Verified!

In order to create a playlist on Sporcle, you need to verify the email address you used during registration. Go to your Sporcle Settings to finish the process.

Report this User

Report this user for behavior that violates our Community Guidelines.

Details: